LEADER 01815nam 2200385 n 450 001 996392206403316 005 20200824121816.0 035 $a(CKB)4940000000107203 035 $a(EEBO)2240896427 035 $a(UnM)99861303e 035 $a(UnM)99861303 035 $a(EXLCZ)994940000000107203 100 $a19920331d1646 uy | 101 0 $aeng 135 $aurbn||||a|bb| 200 00$aIoy out-joyed: or, Joy in overcoming evil spirits and evil men, overcome by better joy$b[electronic resource] $eset forth in a sermon at Martins in the fields, to the Right Honourable the Lords assembled in Parliament, upon the day of their solemn rejoycing and praising God, for reducing the city of Chester by the forces of the Parliament, under the command of Sr William Brereton, February 19. 1645. /$fBy Joseph Caryl minister of the Gospel at Magnus neer London Bridge 210 $aLondon, $cPrinted by G.M. for John Rothwel at the signe of the Sun and Fountain in Pauls Church-yard, and Giles Calvert at the signe of the Black-spread-Eagle at the west end of Pauls.$d1646 215 $a[4], 30, [2] p 300 $aOrder to print on verso of final leaf. 300 $aReproduction of the original in the British Library. 330 $aeebo-0018 606 $aSermons, English$y17th century 607 $aGreat Britain$xHistory$yCivil War, 1642-1649$vSermons$vEarly works to 1800 615 0$aSermons, English 700 $aCaryl$b Joseph, 1602-1673$01003625 712 02$aEngland and Wales.$bParliament. 801 0$bCu-RivES 801 1$bCu-RivES 801 2$bCStRLIN 801 2$bCu-RivES 801 2$bWaOLN 906 $aBOOK 912 $a996392206403316 996 $aIoy out-joyed: or, Joy in overcoming evil spirits and evil men, overcome by better joy$92325951 997 $aUNISA